[Event "San Juan op"]
[Site "San Juan"]
[Date "2008.06.22"]
[Round "3"]
[White "Quidiello Prado, Manuel Rogelio"]
[Black "Sanchez Salazar, Kiko"]
[Result "1-0"]
[WhiteElo "2220"]
[BlackElo "2017"]
[PlyCount "43"]
[EventDate "2008.06.21"]
[EventType "swiss"]
[EventRounds "9"]
[EventCountry "ESP"]
[SourceTitle "CBM 125 Extra"]
[Source "ChessBase"]
[SourceDate "2008.09.01"]
[SourceVersion "1"]
[SourceVersionDate "2008.09.01"]
[SourceQuality "1"]

1. d4 f5 2. Nc3 Nf6 3. Bg5 g6 4. Bxf6 exf6 5. e3 d5 6. g3 c6 7. Bg2 Bd6 8. Nge2 b5 9. 0-0 b4 10. Nxd5 h5 11. Ndf4 g5 12. Nd3 h4 13. Qd2 Qe7 14. Rfe1 hxg3 15. hxg3 a5 16. f4 Bb7 17. c4 bxc3 18. Nxc3 Kf7 19. e4 gxf4 20. Nxf4 fxe4 21. Bxe4 Bc7 22. Bg6+ 1-0

[Event "San Juan op"]
[Site "San Juan"]
[Date "2008.06.22"]
[Round "2"]
[White "Sanchez Salazar, Kiko"]
[Black "Garbisu de Goni, Unai"]
[Result "0-1"]
[WhiteElo "2017"]
[BlackElo "2483"]
[PlyCount "78"]
[EventDate "2008.06.21"]
[EventType "swiss"]
[EventRounds "9"]
[EventCountry "ESP"]
[SourceTitle "CBM 125 Extra"]
[Source "ChessBase"]
[SourceDate "2008.09.01"]
[SourceVersion "1"]
[SourceVersionDate "2008.09.01"]
[SourceQuality "1"]

1. e4 e5 2. Nf3 Nc6 3. Bb5 a6 4. Bxc6 dxc6 5. 0-0 Qd6 6. Na3 Be6 7. c3 Qd3 8. Ng5 Bc8 9. Qb3 Nh6 10. Qc2 Qxc2 11. Nxc2 f6 12. Nf3 Nf7 13. d4 Bd6 14. dxe5 Nxe5 15. Nxe5 Bxe5 16. f4 Bd6 17. f5 Bd7 18. Bf4 0-0-0 19. g4 Bxf4 20. Rxf4 c5 21. Re1 Rhe8 22. Rf3 Bc6 23. Rfe3 Rd2 24. R3e2 Rxe2 25. Rxe2 Bxe4 26. Kf2 Kd7 27. Rd2+ Kc6 28. Ne3 b5 29. h4 b4 30. Nd1 Bd5 31. a3 Re4 32. Ne3 bxc3 33. bxc3 Rf4+ 34. Ke1 Bf3 35. Rf2 Kd6 36. Kd2 Ke5 37. g5 Bc6 38. Rxf4 Kxf4 39. Kd3 fxg5 0-1